Principles of genetics. (Record no. 162647)
[ view plain ]
| 000 -LEADER | |
|---|---|
| fixed length control field | 00531nam a2200217Ia 4500 |
| 003 - CONTROL NUMBER IDENTIFIER | |
| control field | OSt |
| 005 - DATE AND TIME OF LATEST TRANSACTION | |
| control field | 20230425143655.0 |
| 008 - FIXED-LENGTH DATA ELEMENTS--GENERAL INFORMATION | |
| fixed length control field | 210423s1973 xx 000 0 und d |
| 020 ## - INTERNATIONAL STANDARD BOOK NUMBER | |
| International Standard Book Number | 70994137 |
| 040 ## - CATALOGING SOURCE | |
| Transcribing agency | AL |
| 041 ## - LANGUAGE CODE | |
| Language code of text/sound track or separate title | eng |
| 082 ## - DEWEY DECIMAL CLASSIFICATION NUMBER | |
| Classification number | 575.1 SINE |
| 100 ## - MAIN ENTRY--PERSONAL NAME | |
| Personal name | SINNOTT (Enmund);others. |
| 9 (RLIN) | 92673 |
| 245 ## - TITLE STATEMENT | |
| Title | Principles of genetics. |
| 260 ## - PUBLICATION, DISTRIBUTION, ETC. | |
| Place of publication, distribution, etc. | New Delhi |
| Name of publisher, distributor, etc. | Tata McGrawhill |
| Date of publication, distribution, etc. | 1973 |
| 300 ## - PHYSICAL DESCRIPTION | |
| Extent | xiv,459 |
| Other physical details | PB |
| 365 ## - TRADE PRICE | |
| Price amount | 185 |
| Currency code | INR |
| 650 ## - SUBJECT ADDED ENTRY--TOPICAL TERM | |
| Topical term or geographic name entry element | Genetics |
| 9 (RLIN) | 92674 |
| 906 ## - LOCAL DATA ELEMENT F, LDF (RLIN) | |
| a | genetics. ; Principles |
| 942 ## - ADDED ENTRY ELEMENTS (KOHA) | |
| Source of classification or shelving scheme | Dewey Decimal Classification |
| Koha item type | Book |
| Withdrawn status | Lost status | Damaged status | Not for loan | Collection code | Home library | Current library | Date acquired | Source of acquisition | Cost, normal purchase price | Total Checkouts | Full call number | Barcode | Date last seen | Date last checked out | Price effective from | Koha item type |
|---|---|---|---|---|---|---|---|---|---|---|---|---|---|---|---|---|
| Bio Technology | St Aloysius PG Library | St Aloysius PG Library | 04/30/2004 | Book World | 185.00 | 1 | 575.1 SINE | PG009140 | 09/24/2025 | 09/12/2025 | 04/26/2021 | Book |